| 000 | 01421nam0a2200373 4500 | ||
|---|---|---|---|
| 001 | RU\NLR\bibl\451414 | ||
| 005 | 20250623181731.0 | ||
| 010 |
_a5-7107-7190-2 _980000 |
||
| 021 |
_aRU _b2003-35833 _91700 |
||
| 035 | _a(NLR Aleph) 000445043 | ||
| 090 |
_a838142 _c838142 |
||
| 100 | _a20030908d2003 |||y0rusy50 ca | ||
| 101 | 0 | _arus | |
| 102 | _aRU | ||
| 105 | _aa ||||||||| | ||
| 200 | 1 |
_aЛитература _e9 кл. _eУчеб.-хрестоматия для общеобразоват. учреждений _f[Авт.-сост. Т. Ф. Курдюмова и др.] |
|
| 205 | _a6-е изд., стер. | ||
| 210 |
_aМ. _cДрофа _d2003 |
||
| 215 |
_a510, [1] с. _cил. _d22 |
||
| 606 | 0 |
_aРусская литература _jХрестоматии для средней школы _91032583 _3RU\NLR\auth\6678541 |
|
| 610 | 0 | _aРусская литература - Хрестоматии | |
| 675 |
_a373.167.1:821.161.1.09 _v3 _zrus |
||
| 675 |
_a821.161.1.09(075.3) _v3 _zrus |
||
| 686 |
_a14.25 _2rugasnti |
||
| 686 |
_a83.3(2Рос-Рус)я72 _2rubbk |
||
| 686 | _aШ5(2=Р)я721-3 | ||
| 702 | 1 |
_4220 _aКурдюмова _bТ. Ф. _f1920- _gТамара Федоровна _9138889 _3RU\NLR\AUTH\770138924 |
|
| 801 | 0 |
_aRU _bRKP _c20030908 _gPSBO |
|
| 801 | 1 |
_aRU _bRKP _c20030908 |
|
| 801 | 2 |
_aRU _bNLR _c20031217 _grcr |
|
| 942 | _cBOOK | ||
| 980 | _aNB | ||